Final Fantasy VII Remake Series Bosses - Statistics

General Stats
  • This quiz has been taken 32 times
  • The average score is 19 of 58
Answer Stats
Chapter Name Party Used Answer % Correct
Remake Chapter 18 Variable Party Sephiroth
85%
Rebirth Chapter 14 Cloud, Aerith Sephiroth
85%
Remake Chapter 8 Cloud Rude
67%
Remake Chapter 8 Cloud Reno
63%
Remake Chapter 4 Cloud Roche
59%
Rebirth Chapter 4 Cloud Roche
59%
Rebirth Chapter 11 Cloud Roche
59%
Remake Chapter 7 Cloud, Barret, Tifa The Airbuster
59%
Remake Chapter 17 Cloud Rufus and Darkstar
56%
Rebirth Chapter 12 Cloud Rufus and Darkstar
56%
Remake Chapter 1 Cloud, Barret Scorpion Sentinel
56%
Remake Chapter 10 Cloud, Aerith, Tifa Abzu
52%
Remake Chapter 14 Cloud, Barret, Tifa Abzu
52%
Rebirth Chapter 12 Full Party Abzu
52%
Remake Chapter 12 Cloud, Barret, Tifa Reno and Rude
52%
Rebirth Chapter 13 Cloud, Barret, Tifa Reno and Rude
52%
Remake Chapter 9 Cloud, Aerith Hell House
48%
Rebirth Chapter 8 Barret Dyne
44%
Remake Chapter 12 Cloud, Aerith, Tifa Enigmatic Spectre
41%
Rebirth Chapter 10 Barret, Red XIII Gi Nattak
37%
Rebirth Chapter 3 Cloud, Aerith, Tifa Rude and Elena
37%
Rebirth Chapter 12 Cloud, Aerith, Tifa Rude and Elena
37%
Remake Chapter 11 Cloud, Aerith, Tifa Eligor
33%
Remake Chapter 17 Cloud, Aerith, Tifa, Red XIII Jenova Dreamweaver
33%
Rebirth Chapter 14 Multiple Parties Jenova Lifeclinger
33%
Rebirth Chapter 1 Cloud, Sephiroth Materia Guardian
33%
Remake Chapter 15 Cloud, Barret, Tifa The Valkyrie
33%
Remake Chapter 5 Cloud, Barret, Tifa Crab Warden
30%
Rebirth Chapter 13 Aerith, Red XIII, Yuffie Elena and Tseng
30%
Intermission Chapter 2 Yuffie, Sonon Nero
30%
Remake Chapter 11 Cloud, Aerith, Tifa Ghoul
26%
Rebirth Chapter 13 Full Party Red Dragon
26%
Rebirth Chapter 14 Multiple Parties Sephiroth Reborn
26%
Remake Chapter 17 Multiple Parties Swordipede
26%
Remake Chapter 17 Barret, Aerith, Red XIII The Arsenal
26%
Remake Chapter 2 Cloud The Huntsman
26%
Remake Chapter 17 Cloud, Barret Brain Pod
22%
Rebirth Chapter 9 Aerith, Tifa, Yuffie Crimson Mare Mk II
22%
Rebirth Chapter 11 Full Party Galian Beast
22%
Rebirth Chapter 4 Full Party Terror of the Deep
22%
Intermission Chapter 2 Yuffie, Sonon The Crimson Mare
22%
Rebirth Chapter 11 Cait Sith Yin and Yang
22%
Rebirth Chapter 8 Full Party Minus Barret Anuran Suppressor
19%
Rebirth Chapter 7 Barret, Tifa, Yuffie Gigatrice
19%
Rebirth Chapter 2 Full Party Midgardsormr
19%
Rebirth Chapter 3 Barret, Red XIII Mythril Golem
19%
Rebirth Chapter 7 Cloud, Aerith, Red XIII Custom Valkyrie
15%
Rebirth Chapter 13 Full Party Demon Gate
15%
Rebirth Chapter 11 Cloud, Tifa, Yuffie Diabolic Variant
15%
Remake Chapter 13 Barret, Tifa Failed Experiment
11%
Rebirth Chapter 11 Barret, Aerith, Cait Sith Forgotten Specimen
11%
Rebirth Chapter 5 Cloud, Barret, Tifa Jenova Emergent
11%
Remake Chapter 16 Cloud, Barret, Tifa Specimen H0512
11%
Rebirth Chapter 9 Cloud, Barret, Red XIII, Cait Sith Specimen H1024
11%
Remake Chapter 18 Multiple Parties Whisper Harbinger
11%
Rebirth Chapter 6 Variable Party Grasptropod
7%
Intermission Chapter 1 Yuffie, Sonon Gigantipede
4%
Intermission Chapter 2 Yuffie, Sonon Diabolic Creation
0%
No matching quizzes found
Score Distribution
Percent of People with Each Score
Percentile by Number Answered
Your Score History
You have not taken this quiz